|
|
|
|
| LEADER |
01529nam a22003854a 4500 |
| 001 |
27847 |
| 003 |
BD-DhAAL |
| 005 |
20140119153118.0 |
| 008 |
190114s2013 nyuab 001 0 eng |
| 010 |
|
|
|a 2011041540
|
| 020 |
|
|
|a 0071317791
|
| 020 |
|
|
|a 9780073376844 (alk. paper)
|
| 020 |
|
|
|a 9780071317795
|
| 020 |
|
|
|a 0073376841 (alk. paper)
|
| 035 |
|
|
|a (OCoLC)ocn733234947
|
| 040 |
|
|
|a DLC
|b eng
|c DLC
|d YDX
|d BTCTA
|d YDXCP
|d CDX
|d BWX
|d DLC
|d BD-DhAAL
|
| 050 |
0 |
0 |
|a HD30.2
|b .H32 2013
|
| 082 |
0 |
0 |
|a 658.4/038
|2 23
|
| 999 |
|
|
|c 14140
|d 14140
|
| 999 |
|
|
|c 14140
|
| 999 |
|
|
|c 14140
|
| 100 |
1 |
|
|a Baltzan, Paige.
|9 3726
|
| 245 |
1 |
0 |
|a Business driven technology /
|c Paige Baltzan.
|
| 250 |
|
|
|a 5th ed.
|
| 260 |
|
|
|a New York :
|b McGraw-Hill/Irwin,
|c c2013.
|
| 300 |
|
|
|a xxxix, 498, [69] p. :
|b col. ill., col. maps ;
|c 29 cm.
|
| 500 |
|
|
|a Includes index.
|
| 541 |
|
|
|e 27847, 27848
|
| 650 |
|
0 |
|a Information technology
|x Management.
|9 3727
|
| 650 |
|
0 |
|a Management information systems.
|9 993
|
| 650 |
|
0 |
|a Information resources management.
|9 3728
|
| 650 |
|
0 |
|a Industrial management
|x Technological innovations.
|9 3729
|
| 942 |
|
|
|2 ddc
|c BK
|
| 952 |
|
|
|0 0
|1 0
|2 ddc
|4 0
|6 658_403800000000000_BAL
|7 0
|9 23829
|a BRACUL
|b BRACUL
|c GEN
|d 2014-01-19
|e Trim Education
|g 4475.00
|l 1
|m 3
|o 658.4038 BAL
|p 3010027847
|r 2014-05-22
|s 2014-01-20
|t 1
|w 2014-01-19
|y BK
|
| 952 |
|
|
|0 0
|1 0
|2 ddc
|4 0
|6 658_403800000000000_BAL
|7 0
|9 23830
|a BRACUL
|b BRACUL
|c GEN
|d 2014-01-19
|e Trim Education
|g 4475.00
|l 1
|m 6
|o 658.4038 BAL
|p 3010027848
|r 2014-05-12
|s 2014-03-23
|t 2
|w 2014-01-19
|y BK
|